000 00995nam a2200301 i 4500
001 bg
100 1 _aSTRZĘPKA, Janusz.
245 1 0 _aPrawo umów budowlanych /
_cJanusz A. Strzępka, Ireneusz Pindel, Ewa Zielińska ; pod red. Janusza A. Strzępki.
260 _aWarszawa :
_bC. H. Beck,
_c1999.
300 _a478 s. ;
_c23 cm.
490 1 _aZarys Prawa
500 _aWykaz aktów prawnych przy rozdz.
504 _aBibliogr. przy rozdz.
650 9 _aBudownictwo
_xprawo
_zEuropa Zachodnia
_ystan na 1998 r.
650 9 _aBudownictwo
_xprawo
_zPolska
_ystan na 1998 r.
650 9 _aUmowa
_xbudownictwo
_zEuropa Zachodnia
_ystan na 1998 r.
650 9 _aUmowa
_xbudownictwo
_zPolska
_ystan na 1998 r.
700 1 _aPINDEL,
_cIreneusz.
700 1 _aZIELIŃSKA, Ewa.
830 _aZarys Prawa
020 _a837110877X
040 _cBPK
041 0 _apl
080 _a349.442:347.4](438+4-15)
920 _a83-7110-877-X
942 _cKS
008 s pl f |000 0 pol
999 _c34567
_d34567
856 _uhttp://koha.tu.koszalin.pl/cgi-bin/koha/opac-detail.pl?biblionumber=34567
_yKatalog online BPK